000 00527nam a2200205Ia 4500
008 140306s9999 xx 000 0 und d
020 _a439556007
050 _aPZ 7
_b.K678323Ho 2004
100 _aKlein, Abby.
245 _aHomework hassles /
_cAbby Klein
260 _aNew York :
_bScholastic Inc.,
_cc2004.
300 _a94 p. :
_bill. ;
_c18 cm.
521 _aG3
526 _c540
650 _aFractures
_xFiction.
650 _aHomework
_xFiction.
650 _aSchools
_xFiction.
942 _cBK
999 _c42835
_d42835